Introductory statistics for business and economics. (Record no. 2602)

MARC details
005 - DATE AND TIME OF LATEST TRANSACTION
control field 20250524092645.0
082 ## - DEWEY DECIMAL CLASSIFICATION NUMBER
Classification number LECT 519 WON
100 ## - MAIN ENTRY--PERSONAL NAME
Author name WANNACOTT, T. H.
245 ## - TITLE STATEMENT
Title Introductory statistics for business and economics.
260 ## - PUBLICATION, DISTRIBUTION, ETC.
Place of publication, distribution, etc. London,
Name of publisher, distributor, etc. John Wiley & Sons,
Date of publication, distribution, etc. 1972.
300 ## - PHYSICAL DESCRIPTION
Extent xviii, 622p.: ill.; charts, figure, graph, table.
Other physical details index,
Dimensions 22cm.
700 ## - ADDED ENTRY--PERSONAL NAME
Other authors/Editors WANNACOTT, R .J.
942 ## - ADDED ENTRY ELEMENTS (KOHA)
Source of classification or shelving scheme Dewey Decimal Classification
Koha item type Books
Holdings
Date last seen Total checkouts Full call number Barcode Cost, replacement price Price effective from Koha item type Lost status Source of classification or shelving scheme Damaged status Not for loan Withdrawn status Home library Current library Shelving location Date acquired Cost, normal purchase price
05/24/2025   LECT 519 WON 0000009754 30000.00 05/24/2025 Books   Dewey Decimal Classification       College of Business Education Main Library College of Business Education Main Library General Collection 03/13/1975 10000.00